Random Shapes Island Nations - Statistics

General Stats
  • This quiz has been taken 68 times
    8 since last reset
  • The average score is 20 of 25
Answer Stats
Picture Answer % Correct
Bahamas
100%
Bahrain
100%
Brunei
100%
Cuba
100%
Cyprus
100%
East Timor
100%
Federated States of Micronesia
100%
Fiji
100%
Haiti
100%
Iceland
100%
Ireland
100%
Jamaica
100%
Japan
100%
Kiribati
100%
Madagascar
100%
Malaysia
100%
Malta
100%
Nauru
100%
New Zealand
100%
Papua New Guinea
100%
Philippines
100%
Samoa
100%
Singapore
100%
Solomon Islands
100%
Sri Lanka
100%
Taiwan
100%
Trinidad and Tobago
100%
Vanuatu
100%
United Kingdom
75%
Maldives
67%
Saint Vincent and the Grenadines
67%
Seychelles
67%
Tonga
67%
Antigua and Barbuda
50%
Cape Verde
50%
Comoros
50%
Dominica
50%
Dominican Republic
50%
Grenada
50%
Marshall Islands
50%
Palau
50%
Sao Tome and Principe
50%
Saint Kitts and Nevis
33%
Saint Lucia
33%
Barbados
0%
Mauritius
0%
Tuvalu
0%
No matching quizzes found
Score Distribution
Percent of People with Each Score
Percentile by Number Answered
Your Score History
You have not taken this quiz since the last reset